000 00774nam a2200241 i 4500
001 bg
100 1 _aBRZOZOWSKI, Bronisław
245 1 0 _aSpółdzielczość wiejska :
_b(wybrane zagadnienia) /
_cBronisław Brzozowski.
260 _aKraków :
_bWydaw. AR,
_c1998.
300 _a48 s. ;
_c24 cm.
490 1 _aSkrypt / Akademia Rolnicza im. H. Kołłątaja w Krakowie
504 _aBibliogr. s. 47-48.
650 9 _aWieś
_xspółdzielczość
_xorganizacja
_zPolska
655 _aPodręczniki akademickie
830 0 _aSkrypt (Akademia Rolnicza im. H. Kołłątaja w Krakowie)
020 _a8386524413
040 _cBPK
041 0 _apl
080 _a334.73(438-22)(075.8)
920 _a83-86524-41-3
942 _cKS
008 s pl f |000 0 pol
999 _c36698
_d36698
856 _uhttp://koha.tu.koszalin.pl/cgi-bin/koha/opac-detail.pl?biblionumber=36698
_yKatalog online BPK